Drink and Dine/ (Record no. 199345)

MARC details
000 -LEADER
fixed length control field 00544nam a22001817a 4500
005 - DATE AND TIME OF LATEST TRANSACTION
control field 20231130154322.0
010 ## - LCCN (DPL NO)
LC control number ENG-138502
020 ## - INTERNATIONAL STANDARD BOOK NUMBER
International Standard Book Number 9788195532025
Terms of availability 1500.00
035 ## - SYSTEM CONTROL NUMBER
System control number EN-122034
037 ## - SOURCE OF ACQUISITION
Source of stock number/acquisition DBAD/PUB
082 ## - DEWEY DECIMAL CLASSIFICATION NUMBER
Classification number 641.5
100 ## - MAIN ENTRY--PERSONAL NAME
Personal name Pawar, Dr. Vilas J
245 ## - TITLE STATEMENT
Title Drink and Dine/
Statement of responsibility, etc by Dr. Vilas J.Pawar
260 ## - PUBLICATION, DISTRIBUTION, ETC. (IMPRINT)
Place of publication, distribution, etc Thane
Name of publisher, distributor, etc Om Publication
Date of publication, distribution, etc 2023
270 ## - ADDRESS
City Maharashtra
Postal code 400602
Address Paradise TOWER , M-3 Gokhale Rd,
Telephone number 02225364141
300 ## - PHYSICAL DESCRIPTION
Extent 142p.
Dimensions 25cm(HB)
Other physical details ill.
942 ## - ADDED ENTRY ELEMENTS (KOHA)
Source of classification or shelving scheme Dewey Decimal Classification
Item type English Books
Classification part 641.5
Call number suffix PAW
Holdings
Withdrawn status Lost status Not for loan Collection code Home library Current library Date acquired Source of acquisition Cost, normal purchase price Full call number Barcode Copy number Cost, replacement price Koha item type
    Not For Loan Non-fiction Ashok Vihar Ashok Vihar 30/11/2023 DBAD/PUB 1500.00 641.5 PAW EN-122034 1 1500.00 English Books

© Delhi Public Library
Hit Counter
free hit counter